| 000 | 01995nmm a22003614i 4500 | ||
|---|---|---|---|
| 001 | 35189 | ||
| 003 | DO-SdISF | ||
| 005 | 20250701151246.0 | ||
| 007 | ta | ||
| 008 | 240529s2025 dr ||||fo||d| 00| 0 spa d | ||
| 040 |
_aDO-CGIP46 _bspa _cDO-CGIP46 _erda |
||
| 100 | 1 |
_aCapellán Caraballo, Rosanna Licelot _eautor _934130 |
|
| 245 | 1 | 0 |
_aConsumo alimenticio, horas de sueño y práctica de actividad física de estudiantes adolescentes inscritos en el Distrito Educativo 13-01, Montecristi, República Dominicana / _csustentado por: Rosanna Licelot Capellán Caraballo ; tutor: Miguel Israel Bennasar García |
| 264 | 1 |
_aSantiago de los Caballeros : _bISFODOSU, _c2025 |
|
| 300 |
_a1 recurso en línea (101 páginas) : _bilustraciones |
||
| 336 |
_2rdacontent _atexto _btxt |
||
| 337 |
_aComputadora _bc _2rdamedia |
||
| 338 |
_arecurso en línea _bcr _2rdacarrier |
||
| 347 |
_2rda _aarchivo de texto _bPDF |
||
| 502 | _aTesis para optar por el título de Maestría en Educación Física Integral - Instituto Superior de Formación Docente Salomé Ureña - ISFODOSU, Recinto LNNM, 2025. | ||
| 504 | _aReferencias bibliográficas en página 72. | ||
| 505 | 2 | _aIntroducción al problema de investigación -- Revisión de literatura -- Metodología -- Interpretación de los resultados -- Discusión -- Conclusiones -- Recomendaciones -- Anexos. | |
| 610 | 2 | 4 |
_aInstituto Superior de Formación Docente Salomé Ureña _vTesis _2armarc _920677 |
| 650 | 1 | 4 |
_aEjercicio _2armarc _93910 |
| 650 | 1 | 7 |
_aEducación secundaria _2armarc _zRepública Dominicana _93888 |
| 650 | 1 | 7 |
_aSalud escolar _2armarc _zRepública Dominicana _924501 |
| 650 | 1 | 4 |
_aHábitos alimenticios _95388 |
| 650 | 1 | 7 |
_aConsumo de alimentos _xEstudiantes _2armarc _925658 |
| 650 | 1 | 4 |
_aDescanso _93375 |
| 700 |
_aBennasar García, Miguel Israel _928588 _etutor |
||
| 856 |
_yClic para ver Texto Completo _uhttps://biblioteca.isfodosu.edu.do/cgi-bin/koha/opac-retrieve-file.pl?id=4bc62c4e53eda7d47b95aa5ec86724dd |
||
| 942 |
_2LOC _cTESIS |
||
| 999 |
_c13453 _d13453 |
||